Представление документа в формате RUSMARC

ПолеНазваниеЗначение
  Тип записи a
  Библиографический уровень m
001 Контрольный номер RU/ГПНТБ России/EK/88.3/Т 66-185691501
005 Дата корректировки 20211008144222.9
010 Индекс ISBN __
a ISBN 978-985-15-3544-2
d Цена 422-00
100 Данные общей обработки __
a Данные общей обработки 20211006d2018 keay0rusy0289 ca
101 Язык документа 1_
a Язык текста rus
c Язык оригинала eng
102 Страна публикации __
a Страна публикации BY
105 Кодированные данные (монография) __
a Кодированные данные (монография) y zz 000yy
181 Поле кодированных данных: вид содержания _0
a Код вида содержания (ISBD) i
182 Поле кодированных данных: тип средства _0
a Код типа средства (ISBD) n
200 Заглавие и сведения об ответственности 1_
a Заглавие Наука мотивации
e Сведения, относящиеся к заглавию [стратегии и приемы, благодаря которым мечты становятся судьбой]
f Первые сведения об ответственности Брайан Трейси, Дэн Стратцел
g Последующие сведения об ответственности перевод с английского С. Э. Борич
210 Выходные данные 1_
a Место издания Минск
c Издательство Попурри
d Дата издания 2018
215 Физическое описание __
a Объем 239 с.
330 Аннотация __
a Аннотация Привычное представление о мотивации как о чем-то существующем вне нас и не поддающемся нашему контролю абсолютно не соответствует действительности. В своей книге Брайан Трейси, развенчивая множество мифов о мотивации, представляет эту науку и разъясняет ее особенности. Если систематически применять ее в жизни, то ваши мечты воплотятся в реальность. Для широкого круга читателей.
333 Примечание о целевом назначении __
a Примечание о целевом назначении 16+
454 Оригинал _0
1 700 1
a Tracy
g Brian
1 701 1
a Stritzel
g Dan
1 2001
a The scienge of motivation
f Brian Tracy, Dan Stritzel
606 Тематические рубрики __
a Основная рубрика Психология
606 Тематические рубрики __
a Основная рубрика Психология деятельности и поведения
610 Ключевые слова 1_
a Ключевые слова мотивация
a Ключевые слова упорство
a Ключевые слова лидерство
a Ключевые слова мотивационная психология
a Ключевые слова психология успеха
a Ключевые слова самовоспитание
a Ключевые слова стратегии успеха
a Ключевые слова саморазвитие
a Ключевые слова психология успешности
a Ключевые слова достижение целей
a Ключевые слова мотивация личности
686 Индексы других классификаций __
a Индекс ББК 88.26
700 Автор _1
a Фамилия Трейси
b Имя Б.
g Полное личное имя Брайан
f Даты 1944-
4 Код отношения 070
701 Альтернативная интеллектуальная ответственность (другие авторы) _1
a Фамилия Стратцел
b Имя Д.
g Полное личное имя Дэн
4 Код отношения 070
702 Вторичная интеллектуальная ответственность _1
a Фамилия Борич
b Имя С. Э.
4 Код отношения 730
801 Источник записи _0
b Организация ГПНТБ России
a Страна RU
c Дата составления 20211006
801 Источник записи _1
b Организация ГПНТБ России
a Страна RU
c Дата составления 20211006
801 Источник записи _1
a Страна RU
b Организация Центральная районная библиотека им. Г. А. Пирожникова
852 Данные о местонахождении __
i Авторский знак Т 66
j Шифр хранения 88.26
901 Тип документа __
t Тип документа m
902 Роль лиц __
b Редактор БЗ ОКиО/Шумских